| 000 | 00752nas a2200277 4500 | ||
|---|---|---|---|
| 001 | BR8807696 | ||
| 003 | BR-BrBNA | ||
| 005 | 20231205091423.0 | ||
| 007 | ta | ||
| 008 | 230509b bl.|||p| |||| 00| 00por d | ||
| 040 |
_aBR-BrBNA _bpor _cBiblioteca Nacional de Agricultura |
||
| 041 | _a(Pt) | ||
| 072 | _aF01 | ||
| 100 | 1 | _aNovaes, V. | |
| 245 | 1 | _aO perfume que vem da terra | |
| 650 | _aPRODUCAO VEGETAL | ||
| 650 | _aPRATICA CULTURAL | ||
| 650 | _aCOLHEITA | ||
| 650 | _aHELMINTOSPORIOSE | ||
| 650 | _aDESTILACAO | ||
| 650 | _aCOMERCIALIZACAO | ||
| 650 | _aVETIVER | ||
| 773 | 0 |
_tManchete Rural (Brazil) _xISSN 0102-8901 _g(Sep 1988), v. 2(18) p. 59-60 _wBR8807696 |
|
| 909 |
_a202311 _bLúcia _c55 _dLúcia Elande |
||
| 942 |
_2AGRIS _n0 _cANA |
||
| 999 |
_c124964 _d124964 |
||